| 000 | 00528nam a22001577a 4500 | ||
|---|---|---|---|
| 003 | OSt | ||
| 005 | 20150909164003.0 | ||
| 008 | 150909b xxu||||| |||| 00| 0 eng d | ||
| 040 | _cRUA | ||
| 082 | _aAGR អ៊ុន 1994 B010 Or.1 | ||
| 100 |
_9199 _aអ៊ុន សុធី |
||
| 245 | _aការដាំកៅស៊ូនៅលើចំការកៅស៊ូចាស់ ដែលអនុវត្តនៅកម្ពុជា | ||
| 260 |
_aPhnom Penh _bRUA _c1994 |
||
| 300 |
_a80p. _bill. _c29cm |
||
| 942 |
_2ddc _cAGR |
||
| 999 |
_c179 _d179 |
||